Salomé / (Registro nro. 5348)

Detalles MARC
000 -CABECERA
Longitud fija campo de control 01117nam a2200349 a 4500
003 - • IDENTIFICADOR DELl NÚMERO DE CONTROL
Identificador del número de control CO-ViMGA
008 - • CÓDIGOS DE INFORMACIÓN DE LONGITUD FIJA
Códigos de información de longitud fija 141112s2004 ck r 000 u spa d
020 ## - • NÚMERO INTERNACIONAL NORMALIZADO PARA LIBROS
Número Internacional Normalizado para Libros (ISBN) 9789588654782
040 ## - FUENTE DE LA CATALOGACIÓN
Centro catalogador de origen CO-ViMGA
Lengua de catalogación spa
Centro transcriptor CO-ViMGA
041 ## - • CÓDIGO DE LENGUA
Código de lengua del texto/banda sonora o título independiente SPA
100 1# - • PUNTO DE ACCESO PRINCIPAL-NOMBRE DE PERSONA
Nombre de persona Wilde, Oscar, 1854 - 1900
245 10 - • TITULO PROPIAMENTE DICHO
Título Salomé /
Mención de responsabilidad, etc. Oscar Wilde ; ilustraciones Aubrey Beardsley ; traducción Rafael Cansinos Assens
250 ## - • MENCIÓN DE EDICIÓN
Mención de edición 1a ed.
300 ## - • DESCRIPCIÓN FÍSICA
Extensión 82 p. : il. byn.
490 ## - • MENCIÓN DE SERIE
Mención de serie Illustrata
500 ## - • NOTA GENERAL
Nota general Título original : Salomé
650 14 - • PUNTO DE ACCESO ADICIONAL DE MATERIA - TÉRMINO DE MATERIA
Término de materia o nombre geográfico como elemento inicial AUTORES IRLANDESES
650 14 - • PUNTO DE ACCESO ADICIONAL DE MATERIA - TÉRMINO DE MATERIA
Término de materia o nombre geográfico como elemento inicial ILUSTRADORES INGLESES
650 14 - • PUNTO DE ACCESO ADICIONAL DE MATERIA - TÉRMINO DE MATERIA
Término de materia o nombre geográfico como elemento inicial ILUSTRADORES INGLESES
650 14 - • PUNTO DE ACCESO ADICIONAL DE MATERIA - TÉRMINO DE MATERIA
Término de materia o nombre geográfico como elemento inicial ILUSTRADORES INGLESES
650 14 - • PUNTO DE ACCESO ADICIONAL DE MATERIA - TÉRMINO DE MATERIA
Término de materia o nombre geográfico como elemento inicial ILUSTRADORES INGLESES
650 14 - • PUNTO DE ACCESO ADICIONAL DE MATERIA - TÉRMINO DE MATERIA
Término de materia o nombre geográfico como elemento inicial PODER - TEATRO
650 14 - • PUNTO DE ACCESO ADICIONAL DE MATERIA - TÉRMINO DE MATERIA
Término de materia o nombre geográfico como elemento inicial TEATRO IRLANDES
650 14 - • PUNTO DE ACCESO ADICIONAL DE MATERIA - TÉRMINO DE MATERIA
Término de materia o nombre geográfico como elemento inicial TRAGEDIAS DE AMOR - TEATRO
650 14 - • PUNTO DE ACCESO ADICIONAL DE MATERIA - TÉRMINO DE MATERIA
Término de materia o nombre geográfico como elemento inicial TRAICION - TEATRO
700 1# - • PUNTO DE ACCESO ADICIONAL - NOMBRE DE PERSONA
Nombre de persona Beardsley, Aubrey Vincent
700 1# - • PUNTO DE ACCESO ADICIONAL - NOMBRE DE PERSONA
Nombre de persona Cansinos Assens, Rafael
942 ## - ENTRADA DE ELEMENTOS AGREGADOS (KOHA)
Fuente de clasificaión o esquema Dewey Decimal Classification
Koha [por defecto] tipo de item LIbro
Existencias
Perdido Fuente de clasificación o esquema Estado Físico No para préstamo Localización permanente Localización actual Localización en estanterías Fecha adquisición Préstamos totales Signatura completa Código de barras Fecha última consulta Número de copia Fecha del precio de reemplazo Tipo de item de Koha Forma de adquisición Serie de enumeración / cronolog&íacute;a Note pública Número de registro
  Dewey Decimal Classification     Biblioteca Pública Cubarral Biblioteca Pública Cubarral Literatura 08/02/2023   T WIL1 CUB01816 08/02/2023 Ej.1 08/02/2023 Libro Literatura Colección General      
  Dewey Decimal Classification     Biblioteca Pública Dorado Biblioteca Pública Dorado Literatura 03/02/2023   T WIL1 DOR02197 03/02/2023 Ej.1 03/02/2023 Libro Literatura Colección General      
  Dewey Decimal Classification     Biblioteca Pública Fuentedeoro - Henry Llanos García Biblioteca Pública Fuentedeoro - Henry Llanos García Literatura 08/03/2023   T WIL1 Fo01698 08/03/2023 Ej.1 08/03/2023 Libro Literatura Colección General      
  Dewey Decimal Classification     Biblioteca Pública José Eustasio Rivera - San Martin Biblioteca Pública José Eustasio Rivera - San Martin Literatura 07/12/2023   T WIL1 SM002074 07/12/2023 Ej.1 07/12/2023 Libro Literatura Colección General      
  Dewey Decimal Classification     Biblioteca Pública Puerto Lleras Biblioteca Pública Puerto Lleras Literatura 01/14/2025   T WIL1 PLL00787 01/14/2025 Ej.1 01/14/2025 Libro Literatura Colección General      
  Dewey Decimal Classification     Biblioteca Pública San Carlos de Guaroa - Eduardo Carranza Biblioteca Pública San Carlos de Guaroa - Eduardo Carranza Literatura 07/04/2024   T WIL1 SG01909 07/04/2024 Ej.1 07/04/2024 LIbro Colección General      
  Dewey Decimal Classification     Biblioteca Comunitaria - Villavicencio Biblioteca Comunitaria - Villavicencio   12/04/2015   T WIL1 27075 12/04/2015 Ej. 2 12/04/2015 LIbro Sala General 29/ago/2014    
  Dewey Decimal Classification     Biblioteca Pública El Castillo - Alfonso Meneses Biblioteca Pública El Castillo - Alfonso Meneses Literatura 08/23/2023   T WIL1 EC02698 08/23/2023 Ej.1 08/23/2023 Libro Literatura Colección General      
  Dewey Decimal Classification     Biblioteca Pública Barranca de Upia - María Dolores Herrera Biblioteca Pública Barranca de Upia - María Dolores Herrera Literatura 10/04/2023   T WIL1 BUP00919 10/04/2023 Ej.1 10/04/2023 LIbro Colección General      
  Dewey Decimal Classification     Biblioteca Pública Cabuyaro Biblioteca Pública Cabuyaro Literatura 10/25/2023   T WIL1 CAB000888 10/25/2023 Ej.1 10/25/2023 LIbro Colección General      
        Biblioteca Pública Departamental Eduardo Carranza - Villavicencio Biblioteca Pública Departamental Eduardo Carranza - Villavicencio General 12/05/2014   T WIL1 ECA23364 11/26/2024 Ej.1 11/26/2024 LIbro Sala General   17411 | 22340  
  Dewey Decimal Classification     Biblioteca Pública Germán Arciniegas - Villavicencio Biblioteca Pública Germán Arciniegas - Villavicencio   12/04/2015   T WIL1 010588 12/04/2015 Ej. 1 12/04/2015 LIbro Sala General Segundo Piso 10/jul/2014    
  Dewey Decimal Classification     Biblioteca Pública Guamal Biblioteca Pública Guamal Literatura 02/06/2023   T WIL1 GUA000694 02/06/2023 Ej.1 02/06/2023 Libro Literatura Colección General      
  Dewey Decimal Classification     Biblioteca Pública La Macarena Biblioteca Pública La Macarena Literatura 10/26/2023   T WIL1 LM00569 10/26/2023 Ej.1 10/26/2023 LIbro Colección General      
  Dewey Decimal Classification     Biblioteca Pública Mapiripan Biblioteca Pública Mapiripan Literatura 01/17/2024   T WIL1 MAP00002642 01/17/2024 Ej.1 01/17/2024 LIbro Colección General      
  Dewey Decimal Classification     Biblioteca Pública Mesetas - Franco lodo Poloxi Biblioteca Pública Mesetas - Franco lodo Poloxi Literatura 12/09/2024   TWIl1 MEE00758 12/09/2024 Ej.1 12/09/2024 LIbro        
  Dewey Decimal Classification     Biblioteca Pública Puerto Rico Biblioteca Pública Puerto Rico Literatura 12/05/2022   TWIL1Ej.1 PR000000L64 12/05/2022 Ej.1 12/05/2022 Libro Literatura        
  Dewey Decimal Classification     Biblioteca Pública Uribe - Reinerio Arenas Biblioteca Pública Uribe - Reinerio Arenas Literatura 01/17/2025   T WIL1 URI02234 01/17/2025 Ej.1 01/17/2025 Libro Literatura Colección General      
  Dewey Decimal Classification     Biblioteca Pública Vistahermosa Biblioteca Pública Vistahermosa   06/25/2025   T WIL1 VIST 0002443 06/25/2025 Ej.1 06/25/2025 LIbro       T WIL1









Instituto Departamental de Cultura del Meta - Red Departamental de Bibliotecas Públicas del Meta.